<?xml version="1.0" encoding="UTF-8"?>
<record
    xmlns:xsi="http://www.w3.org/2001/XMLSchema-instance"
    xsi:schemaLocation="http://www.loc.gov/MARC21/slim http://www.loc.gov/standards/marcxml/schema/MARC21slim.xsd"
    xmlns="http://www.loc.gov/MARC21/slim">

  <leader>02275nam a2200325 i 4500</leader>
  <controlfield tag="003">EG-ScBUE</controlfield>
  <controlfield tag="005">20230618115455.0</controlfield>
  <controlfield tag="008">121204m19721987ua a   f b   i000 0 ara d</controlfield>
  <datafield tag="040" ind1=" " ind2=" ">
    <subfield code="a">EG-ScBUE </subfield>
    <subfield code="b">ara</subfield>
    <subfield code="e">rda</subfield>
    <subfield code="c">EG-ScBUE </subfield>
    <subfield code="d">EG-ScBUE </subfield>
  </datafield>
  <datafield tag="041" ind1="1" ind2=" ">
    <subfield code="a">ara</subfield>
    <subfield code="h">eng</subfield>
  </datafield>
  <datafield tag="082" ind1="0" ind2="4">
    <subfield code="a">909</subfield>
    <subfield code="b">&#x62F; &#x64A; &#x648;</subfield>
    <subfield code="2">22</subfield>
  </datafield>
  <datafield tag="100" ind1="1" ind2=" ">
    <subfield code="a">&#x62F;&#x64A;&#x648;&#x631;&#x627;&#x646;&#x62A;&#x60C; &#x648;&#x644;&#x60C;</subfield>
    <subfield code="d">1885-1981&#x60C;</subfield>
    <subfield code="e">&#x645;&#x624;&#x644;&#x641;.</subfield>
  </datafield>
  <datafield tag="245" ind1="1" ind2="0">
    <subfield code="a">&#x642;&#x635;&#x629; &#x627;&#x644;&#x62D;&#x636;&#x627;&#x631;&#x629; /</subfield>
    <subfield code="c">&#x62A;&#x623;&#x644;&#x64A;&#x641; &#x648;&#x644; &#x62F;&#x64A;&#x648;&#x631;&#x627;&#x646;&#x62A; &#x61B; &#x62A;&#x631;&#x62C;&#x645;&#x629; &#x627;&#x644;&#x62F;&#x643;&#x62A;&#x648;&#x631; &#x632;&#x643;&#x64A; &#x646;&#x62C;&#x64A;&#x628; &#x645;&#x62D;&#x645;&#x648;&#x62F;&#x60C; &#x639;&#x628;&#x62F; &#x627;&#x644;&#x62D;&#x645;&#x64A;&#x62F; &#x64A;&#x648;&#x646;&#x633;&#x60C; &#x641;&#x624;&#x627;&#x62F; &#x627;&#x646;&#x62F;&#x631;&#x627;&#x648;&#x633; &#x61B; &#x645;&#x631;&#x627;&#x62C;&#x639;&#x629; &#x639;&#x644;&#x64A; &#x623;&#x62F;&#x647;&#x645; &#x61B; &#x627;&#x62E;&#x62A;&#x627;&#x631;&#x62A;&#x647; &#x648;&#x623;&#x646;&#x641;&#x642;&#x62A; &#x639;&#x644;&#x649; &#x62A;&#x631;&#x62C;&#x645;&#x62A;&#x647; &#x627;&#x644;&#x625;&#x62F;&#x627;&#x631;&#x629; &#x627;&#x644;&#x62B;&#x642;&#x627;&#x641;&#x64A;&#x629; &#x641;&#x64A; &#x62C;&#x627;&#x645;&#x639;&#x629; &#x627;&#x644;&#x62F;&#x648;&#x644; &#x627;&#x644;&#x639;&#x631;&#x628;&#x64A;&#x629;.</subfield>
  </datafield>
  <datafield tag="264" ind1=" " ind2="1">
    <subfield code="a">[&#x627;&#x644;&#x642;&#x627;&#x647;&#x631;&#x629;] :</subfield>
    <subfield code="b">&#x62D;&#x627;&#x645;&#x639;&#x629; &#x627;&#x644;&#x62F;&#x648;&#x644; &#x627;&#x644;&#x639;&#x631;&#x628;&#x64A;&#x629;&#x60C; &#x627;&#x644;&#x645;&#x646;&#x638;&#x645;&#x629; &#x627;&#x644;&#x639;&#x631;&#x628;&#x64A;&#x629; &#x644;&#x644;&#x62A;&#x631;&#x628;&#x64A;&#x629; &#x648;&#x627;&#x644;&#x62B;&#x642;&#x627;&#x641;&#x629; &#x648;&#x627;&#x644;&#x639;&#x644;&#x648;&#x645;&#x60C; &#x644;&#x62C;&#x646;&#x629; &#x627;&#x644;&#x62A;&#x623;&#x644;&#x64A;&#x641; &#x648;&#x627;&#x644;&#x62A;&#x631;&#x62C;&#x645;&#x629; &#x648;&#x627;&#x644;&#x646;&#x634;&#x631;&#x60C;</subfield>
    <subfield code="c">1987-1972.</subfield>
  </datafield>
  <datafield tag="300" ind1=" " ind2=" ">
    <subfield code="a">42 &#x62C;&#x632;&#x621; &#x641;&#x64A; 21 &#x645;&#x62C;&#x644;&#x62F; :  </subfield>
    <subfield code="b">&#x625;&#x64A;&#x636;&#x627;&#x62D;&#x64A;&#x627;&#x62A; &#x61B;</subfield>
    <subfield code="c">24 &#x633;&#x645;</subfield>
  </datafield>
  <datafield tag="336" ind1=" " ind2=" ">
    <subfield code="2">rdacontent</subfield>
    <subfield code="a">text</subfield>
    <subfield code="b">txt</subfield>
  </datafield>
  <datafield tag="337" ind1=" " ind2=" ">
    <subfield code="2">rdamedia</subfield>
    <subfield code="a">unmediated</subfield>
    <subfield code="b">n</subfield>
  </datafield>
  <datafield tag="338" ind1=" " ind2=" ">
    <subfield code="2">rdacarrier</subfield>
    <subfield code="a">volume</subfield>
    <subfield code="b">nc</subfield>
  </datafield>
  <datafield tag="504" ind1=" " ind2=" ">
    <subfield code="a">&#x64A;&#x634;&#x62A;&#x645;&#x644; &#x639;&#x644;&#x649; &#x625;&#x631;&#x62C;&#x627;&#x639;&#x627;&#x62A; &#x628;&#x628;&#x644;&#x64A;&#x648;&#x62C;&#x631;&#x627;&#x641;&#x64A;&#x629;.</subfield>
  </datafield>
  <datafield tag="505" ind1="0" ind2=" ">
    <subfield code="a">&#x627;&#x644;&#x645;&#x62C;&#x644;&#x62F; &#x627;&#x644;&#x623;&#x648;&#x644;. &#x646;&#x634;&#x623;&#x629; &#x627;&#x644;&#x62D;&#x636;&#x627;&#x631;&#x629; - &#x627;&#x644;&#x634;&#x631;&#x642; &#x627;&#x644;&#x623;&#x62F;&#x646;&#x649; - &#x627;&#x644;&#x647;&#x646;&#x62F; &#x648;&#x62C;&#x64A;&#x631;&#x627;&#x646;&#x647;&#x627; - &#x627;&#x644;&#x634;&#x631;&#x642; &#x627;&#x644;&#x623;&#x642;&#x635;&#x649; &#x627;&#x644;&#x635;&#x64A;&#x646; - &#x627;&#x644;&#x64A;&#x627;&#x628;&#x627;&#x646; -- &#x627;&#x644;&#x645;&#x62C;&#x644;&#x62F; &#x627;&#x644;&#x62B;&#x627;&#x646;&#x64A;. &#x62D;&#x64A;&#x627;&#x629; &#x627;&#x644;&#x64A;&#x648;&#x646;&#x627;&#x646; -- &#x645;&#x62C;. 3. &#x642;&#x64A;&#x635;&#x631; &#x648;&#x627;&#x644;&#x645;&#x633;&#x64A;&#x62D; &#x623;&#x648; &#x627;&#x644;&#x62D;&#x636;&#x627;&#x631;&#x629; &#x627;&#x644;&#x631;&#x648;&#x645;&#x627;&#x646;&#x64A;&#x629; -- &#x645;&#x62C;. 4 . &#x639;&#x635;&#x631; &#x627;&#x644;&#x625;&#x64A;&#x645;&#x627;&#x646; -- &#x645;&#x62C;. 5 . &#x627;&#x644;&#x646;&#x647;&#x636;&#x629; -- &#x645;&#x62C;. 6. &#x627;&#x644;&#x625;&#x635;&#x644;&#x627;&#x62D; &#x627;&#x644;&#x62F;&#x64A;&#x646;&#x64A; -- &#x645;&#x62C;. 7. &#x628;&#x62F;&#x627;&#x64A;&#x629; &#x639;&#x635;&#x631; &#x627;&#x644;&#x639;&#x642;&#x644; -- &#x645;&#x62C;. 8. &#x639;&#x635;&#x631; &#x644;&#x648;&#x64A;&#x633; &#x627;&#x644;&#x631;&#x627;&#x628;&#x639; &#x639;&#x634;&#x631; -- &#x645;&#x62C;. 9. &#x639;&#x635;&#x631; &#x641;&#x648;&#x644;&#x62A;&#x64A;&#x631; -- &#x645;&#x62C;. 10. &#x627;&#x644;&#x625;&#x633;&#x644;&#x627;&#x645; &#x648;&#x627;&#x644;&#x634;&#x631;&#x642; &#x627;&#x644;&#x633;&#x644;&#x627;&#x641;&#x64A; - &#x631;&#x648;&#x633;&#x648; &#x648;&#x627;&#x644;&#x62B;&#x648;&#x631;&#x629;.</subfield>
  </datafield>
  <datafield tag="546" ind1=" " ind2=" ">
    <subfield code="a">&#x627;&#x644;&#x646;&#x635; &#x628;&#x627;&#x644;&#x644;&#x63A;&#x629; &#x627;&#x644;&#x639;&#x631;&#x628;&#x64A;&#x629; &#x648;&#x62A;&#x645; &#x62A;&#x631;&#x62C;&#x645;&#x62A;&#x647; &#x645;&#x646; &#x627;&#x644;&#x644;&#x63A;&#x629; &#x627;&#x644;&#x625;&#x646;&#x62C;&#x644;&#x64A;&#x632;&#x64A;&#x629;.</subfield>
  </datafield>
  <datafield tag="651" ind1=" " ind2="7">
    <subfield code="a">&#x627;&#x644;&#x639;&#x627;&#x644;&#x645;</subfield>
    <subfield code="x">&#x62A;&#x627;&#x631;&#x64A;&#x62E;</subfield>
    <subfield code="2">BUEsh</subfield>
    <subfield code="9">31604</subfield>
  </datafield>
  <datafield tag="653" ind1=" " ind2=" ">
    <subfield code="b">GGEN</subfield>
    <subfield code="c">August2015</subfield>
  </datafield>
  <datafield tag="655" ind1=" " ind2=" ">
    <subfield code="v">Reading book</subfield>
  </datafield>
  <datafield tag="700" ind1="1" ind2=" ">
    <subfield code="a">&#x64A;&#x648;&#x646;&#x633;&#x60C; &#x639;&#x628;&#x62F; &#x627;&#x644;&#x62D;&#x645;&#x64A;&#x62F;&#x60C;</subfield>
    <subfield code="e">&#x645;&#x62A;&#x631;&#x62C;&#x645;.</subfield>
  </datafield>
  <datafield tag="700" ind1="1" ind2=" ">
    <subfield code="a">&#x645;&#x62D;&#x645;&#x648;&#x62F;&#x60C; &#x632;&#x643;&#x64A; &#x646;&#x62C;&#x64A;&#x628;&#x60C;</subfield>
    <subfield code="d">1905-1993&#x60C;</subfield>
    <subfield code="e">&#x645;&#x62A;&#x631;&#x62C;&#x645;.</subfield>
  </datafield>
  <datafield tag="700" ind1="1" ind2=" ">
    <subfield code="a">&#x627;&#x646;&#x62F;&#x631;&#x627;&#x648;&#x633;&#x60C; &#x641;&#x624;&#x627;&#x62F;&#x60C; </subfield>
    <subfield code="e">&#x645;&#x62A;&#x631;&#x62C;&#x645;.</subfield>
    <subfield code="9">31115</subfield>
  </datafield>
  <datafield tag="700" ind1="1" ind2=" ">
    <subfield code="a">&#x623;&#x62F;&#x647;&#x645;&#x60C; &#x639;&#x644;&#x64A;&#x60C;</subfield>
    <subfield code="e">&#x645;&#x631;&#x627;&#x62C;&#x639;.</subfield>
  </datafield>
  <datafield tag="942" ind1=" " ind2=" ">
    <subfield code="2">ddc</subfield>
  </datafield>
  <datafield tag="999" ind1=" " ind2=" ">
    <subfield code="c">7646</subfield>
    <subfield code="d">7646</subfield>
  </datafield>
  <datafield tag="952" ind1=" " ind2=" ">
    <subfield code="0">0</subfield>
    <subfield code="1">0</subfield>
    <subfield code="2">ddc</subfield>
    <subfield code="4">0</subfield>
    <subfield code="7">0</subfield>
    <subfield code="8">Alef-Baa</subfield>
    <subfield code="a">MAIN</subfield>
    <subfield code="b">MAIN</subfield>
    <subfield code="c">0TH</subfield>
    <subfield code="d">2008-02-03</subfield>
    <subfield code="e">Purchase</subfield>
    <subfield code="o">909 &#x62F; &#x64A; &#x648;</subfield>
    <subfield code="p">000009337</subfield>
    <subfield code="r">2025-07-15 00:00:00</subfield>
    <subfield code="y">REFERENCE</subfield>
    <subfield code="z">&#x62C;. 1&#x60C; &#x62C;. 2.</subfield>
  </datafield>
  <datafield tag="952" ind1=" " ind2=" ">
    <subfield code="0">0</subfield>
    <subfield code="1">0</subfield>
    <subfield code="2">ddc</subfield>
    <subfield code="4">0</subfield>
    <subfield code="7">0</subfield>
    <subfield code="8">Alef-Baa</subfield>
    <subfield code="a">MAIN</subfield>
    <subfield code="b">MAIN</subfield>
    <subfield code="c">0TH</subfield>
    <subfield code="d">2008-02-03</subfield>
    <subfield code="e">Purchase</subfield>
    <subfield code="o">909 &#x62F; &#x64A; &#x648;</subfield>
    <subfield code="p">000009338</subfield>
    <subfield code="r">2025-07-15 00:00:00</subfield>
    <subfield code="s">2013-12-10</subfield>
    <subfield code="y">REFERENCE</subfield>
    <subfield code="z">&#x62C;. 13&#x60C; &#x62C;. 14.</subfield>
  </datafield>
  <datafield tag="952" ind1=" " ind2=" ">
    <subfield code="0">0</subfield>
    <subfield code="1">0</subfield>
    <subfield code="2">ddc</subfield>
    <subfield code="4">0</subfield>
    <subfield code="7">0</subfield>
    <subfield code="8">Alef-Baa</subfield>
    <subfield code="a">MAIN</subfield>
    <subfield code="b">MAIN</subfield>
    <subfield code="c">0TH</subfield>
    <subfield code="d">2008-02-03</subfield>
    <subfield code="e">Purchase</subfield>
    <subfield code="o">909 &#x62F; &#x64A; &#x648;</subfield>
    <subfield code="p">000009339</subfield>
    <subfield code="r">2025-07-15 00:00:00</subfield>
    <subfield code="s">2011-07-04</subfield>
    <subfield code="y">REFERENCE</subfield>
    <subfield code="z">&#x62C;. 5&#x60C; &#x62C;. 6.</subfield>
  </datafield>
  <datafield tag="952" ind1=" " ind2=" ">
    <subfield code="0">0</subfield>
    <subfield code="1">0</subfield>
    <subfield code="2">ddc</subfield>
    <subfield code="4">0</subfield>
    <subfield code="7">0</subfield>
    <subfield code="8">Alef-Baa</subfield>
    <subfield code="a">MAIN</subfield>
    <subfield code="b">MAIN</subfield>
    <subfield code="c">0TH</subfield>
    <subfield code="d">2008-02-03</subfield>
    <subfield code="e">Purchase</subfield>
    <subfield code="o">909 &#x62F; &#x64A; &#x648;</subfield>
    <subfield code="p">000009340</subfield>
    <subfield code="r">2025-07-15 00:00:00</subfield>
    <subfield code="y">REFERENCE</subfield>
    <subfield code="z">&#x62C;. 17&#x60C; &#x62C;. 18.</subfield>
  </datafield>
  <datafield tag="952" ind1=" " ind2=" ">
    <subfield code="0">0</subfield>
    <subfield code="1">0</subfield>
    <subfield code="2">ddc</subfield>
    <subfield code="4">0</subfield>
    <subfield code="7">0</subfield>
    <subfield code="8">Alef-Baa</subfield>
    <subfield code="a">MAIN</subfield>
    <subfield code="b">MAIN</subfield>
    <subfield code="c">0TH</subfield>
    <subfield code="d">2008-02-03</subfield>
    <subfield code="e">Purchase</subfield>
    <subfield code="o">909 &#x62F; &#x64A; &#x648;</subfield>
    <subfield code="p">000009341</subfield>
    <subfield code="r">2025-07-15 00:00:00</subfield>
    <subfield code="y">REFERENCE</subfield>
    <subfield code="z">&#x62C;. 15&#x60C; &#x62C;. 16.</subfield>
  </datafield>
  <datafield tag="952" ind1=" " ind2=" ">
    <subfield code="0">0</subfield>
    <subfield code="1">0</subfield>
    <subfield code="2">ddc</subfield>
    <subfield code="4">0</subfield>
    <subfield code="7">0</subfield>
    <subfield code="8">Alef-Baa</subfield>
    <subfield code="a">MAIN</subfield>
    <subfield code="b">MAIN</subfield>
    <subfield code="c">0TH</subfield>
    <subfield code="d">2008-02-03</subfield>
    <subfield code="e">Purchase</subfield>
    <subfield code="o">909 &#x62F; &#x64A; &#x648;</subfield>
    <subfield code="p">000009342</subfield>
    <subfield code="r">2025-07-15 00:00:00</subfield>
    <subfield code="y">REFERENCE</subfield>
    <subfield code="z">&#x62C;. 27&#x60C; &#x62C;. 28.</subfield>
  </datafield>
  <datafield tag="952" ind1=" " ind2=" ">
    <subfield code="0">0</subfield>
    <subfield code="1">0</subfield>
    <subfield code="2">ddc</subfield>
    <subfield code="4">0</subfield>
    <subfield code="7">0</subfield>
    <subfield code="8">Alef-Baa</subfield>
    <subfield code="a">MAIN</subfield>
    <subfield code="b">MAIN</subfield>
    <subfield code="c">0TH</subfield>
    <subfield code="d">2008-02-03</subfield>
    <subfield code="e">Purchase</subfield>
    <subfield code="o">909 &#x62F; &#x64A; &#x648;</subfield>
    <subfield code="p">000009343</subfield>
    <subfield code="r">2025-07-15 00:00:00</subfield>
    <subfield code="y">REFERENCE</subfield>
    <subfield code="z">&#x62C;. 33&#x60C; &#x62C;. 34.</subfield>
  </datafield>
  <datafield tag="952" ind1=" " ind2=" ">
    <subfield code="0">0</subfield>
    <subfield code="1">0</subfield>
    <subfield code="2">ddc</subfield>
    <subfield code="4">0</subfield>
    <subfield code="7">0</subfield>
    <subfield code="8">Alef-Baa</subfield>
    <subfield code="a">MAIN</subfield>
    <subfield code="b">MAIN</subfield>
    <subfield code="c">0TH</subfield>
    <subfield code="d">2008-02-03</subfield>
    <subfield code="e">Purchase</subfield>
    <subfield code="o">909 &#x62F; &#x64A; &#x648;</subfield>
    <subfield code="p">000009344</subfield>
    <subfield code="r">2025-07-15 00:00:00</subfield>
    <subfield code="y">REFERENCE</subfield>
    <subfield code="z">&#x62C;. 7&#x60C; &#x62C;. 8.</subfield>
  </datafield>
  <datafield tag="952" ind1=" " ind2=" ">
    <subfield code="0">0</subfield>
    <subfield code="1">0</subfield>
    <subfield code="2">ddc</subfield>
    <subfield code="4">0</subfield>
    <subfield code="7">0</subfield>
    <subfield code="8">Alef-Baa</subfield>
    <subfield code="a">MAIN</subfield>
    <subfield code="b">MAIN</subfield>
    <subfield code="c">0TH</subfield>
    <subfield code="d">2008-02-03</subfield>
    <subfield code="e">Purchase</subfield>
    <subfield code="o">909 &#x62F; &#x64A; &#x648;</subfield>
    <subfield code="p">000009345</subfield>
    <subfield code="r">2025-07-15 00:00:00</subfield>
    <subfield code="y">REFERENCE</subfield>
    <subfield code="z">&#x62C;. 3&#x60C; &#x62C;. 4.</subfield>
  </datafield>
  <datafield tag="952" ind1=" " ind2=" ">
    <subfield code="0">0</subfield>
    <subfield code="1">0</subfield>
    <subfield code="2">ddc</subfield>
    <subfield code="4">0</subfield>
    <subfield code="7">0</subfield>
    <subfield code="8">Alef-Baa</subfield>
    <subfield code="a">MAIN</subfield>
    <subfield code="b">MAIN</subfield>
    <subfield code="c">0TH</subfield>
    <subfield code="d">2008-02-03</subfield>
    <subfield code="e">Purchase</subfield>
    <subfield code="o">909 &#x62F; &#x64A; &#x648;</subfield>
    <subfield code="p">000009346</subfield>
    <subfield code="r">2025-07-15 00:00:00</subfield>
    <subfield code="y">REFERENCE</subfield>
    <subfield code="z">&#x62C;. 9&#x60C; &#x62C;. 10.</subfield>
  </datafield>
  <datafield tag="952" ind1=" " ind2=" ">
    <subfield code="0">0</subfield>
    <subfield code="1">0</subfield>
    <subfield code="2">ddc</subfield>
    <subfield code="4">0</subfield>
    <subfield code="7">0</subfield>
    <subfield code="8">Alef-Baa</subfield>
    <subfield code="a">MAIN</subfield>
    <subfield code="b">MAIN</subfield>
    <subfield code="c">0TH</subfield>
    <subfield code="d">2008-02-03</subfield>
    <subfield code="e">Purchase</subfield>
    <subfield code="o">909 &#x62F; &#x64A; &#x648;</subfield>
    <subfield code="p">000009347</subfield>
    <subfield code="r">2025-07-15 00:00:00</subfield>
    <subfield code="y">REFERENCE</subfield>
    <subfield code="z">&#x62C;. 11&#x60C; &#x62C;. 12.</subfield>
  </datafield>
  <datafield tag="952" ind1=" " ind2=" ">
    <subfield code="0">0</subfield>
    <subfield code="1">0</subfield>
    <subfield code="2">ddc</subfield>
    <subfield code="4">0</subfield>
    <subfield code="7">0</subfield>
    <subfield code="8">Alef-Baa</subfield>
    <subfield code="a">MAIN</subfield>
    <subfield code="b">MAIN</subfield>
    <subfield code="c">0TH</subfield>
    <subfield code="d">2008-02-03</subfield>
    <subfield code="e">Purchase</subfield>
    <subfield code="o">909 &#x62F; &#x64A; &#x648;</subfield>
    <subfield code="p">000009348</subfield>
    <subfield code="r">2025-07-15 00:00:00</subfield>
    <subfield code="y">REFERENCE</subfield>
    <subfield code="z">&#x62C;. 37&#x60C; &#x62C;. 38.</subfield>
  </datafield>
  <datafield tag="952" ind1=" " ind2=" ">
    <subfield code="0">0</subfield>
    <subfield code="1">0</subfield>
    <subfield code="2">ddc</subfield>
    <subfield code="4">0</subfield>
    <subfield code="7">0</subfield>
    <subfield code="8">Alef-Baa</subfield>
    <subfield code="a">MAIN</subfield>
    <subfield code="b">MAIN</subfield>
    <subfield code="c">0TH</subfield>
    <subfield code="d">2008-02-03</subfield>
    <subfield code="e">Purchase</subfield>
    <subfield code="o">909 &#x62F; &#x64A; &#x648;</subfield>
    <subfield code="p">000009349</subfield>
    <subfield code="r">2025-07-15 00:00:00</subfield>
    <subfield code="y">REFERENCE</subfield>
    <subfield code="z">&#x62C;. 23&#x60C; &#x62C;. 24.</subfield>
  </datafield>
  <datafield tag="952" ind1=" " ind2=" ">
    <subfield code="0">0</subfield>
    <subfield code="1">0</subfield>
    <subfield code="2">ddc</subfield>
    <subfield code="4">0</subfield>
    <subfield code="7">0</subfield>
    <subfield code="8">Alef-Baa</subfield>
    <subfield code="a">MAIN</subfield>
    <subfield code="b">MAIN</subfield>
    <subfield code="c">0TH</subfield>
    <subfield code="d">2008-02-03</subfield>
    <subfield code="e">Purchase</subfield>
    <subfield code="o">909 &#x62F; &#x64A; &#x648;</subfield>
    <subfield code="p">000009350</subfield>
    <subfield code="r">2025-07-15 00:00:00</subfield>
    <subfield code="y">REFERENCE</subfield>
    <subfield code="z">&#x62C;. 41&#x60C; &#x62C;. 42.</subfield>
  </datafield>
  <datafield tag="952" ind1=" " ind2=" ">
    <subfield code="0">0</subfield>
    <subfield code="1">0</subfield>
    <subfield code="2">ddc</subfield>
    <subfield code="4">0</subfield>
    <subfield code="7">0</subfield>
    <subfield code="8">Alef-Baa</subfield>
    <subfield code="a">MAIN</subfield>
    <subfield code="b">MAIN</subfield>
    <subfield code="c">0TH</subfield>
    <subfield code="d">2008-02-03</subfield>
    <subfield code="e">Purchase</subfield>
    <subfield code="o">909 &#x62F; &#x64A; &#x648;</subfield>
    <subfield code="p">000009351</subfield>
    <subfield code="r">2025-07-15 00:00:00</subfield>
    <subfield code="y">REFERENCE</subfield>
    <subfield code="z">&#x62C;. 29&#x60C; &#x62C;. 30.</subfield>
  </datafield>
  <datafield tag="952" ind1=" " ind2=" ">
    <subfield code="0">0</subfield>
    <subfield code="1">0</subfield>
    <subfield code="2">ddc</subfield>
    <subfield code="4">0</subfield>
    <subfield code="7">0</subfield>
    <subfield code="8">Alef-Baa</subfield>
    <subfield code="a">MAIN</subfield>
    <subfield code="b">MAIN</subfield>
    <subfield code="c">0TH</subfield>
    <subfield code="d">2008-02-03</subfield>
    <subfield code="e">Purchase</subfield>
    <subfield code="o">909 &#x62F; &#x64A; &#x648;</subfield>
    <subfield code="p">000009352</subfield>
    <subfield code="r">2025-07-15 00:00:00</subfield>
    <subfield code="y">REFERENCE</subfield>
    <subfield code="z">&#x62C;. 25&#x60C; &#x62C;. 26.</subfield>
  </datafield>
  <datafield tag="952" ind1=" " ind2=" ">
    <subfield code="0">0</subfield>
    <subfield code="1">0</subfield>
    <subfield code="2">ddc</subfield>
    <subfield code="4">0</subfield>
    <subfield code="7">0</subfield>
    <subfield code="8">Alef-Baa</subfield>
    <subfield code="a">MAIN</subfield>
    <subfield code="b">MAIN</subfield>
    <subfield code="c">0TH</subfield>
    <subfield code="d">2008-02-03</subfield>
    <subfield code="e">Purchase</subfield>
    <subfield code="o">909 &#x62F; &#x64A; &#x648;</subfield>
    <subfield code="p">000009353</subfield>
    <subfield code="r">2025-07-15 00:00:00</subfield>
    <subfield code="y">REFERENCE</subfield>
    <subfield code="z">&#x62C;. 19&#x60C; &#x62C;. 20.</subfield>
  </datafield>
  <datafield tag="952" ind1=" " ind2=" ">
    <subfield code="0">0</subfield>
    <subfield code="1">0</subfield>
    <subfield code="2">ddc</subfield>
    <subfield code="4">0</subfield>
    <subfield code="7">0</subfield>
    <subfield code="8">Alef-Baa</subfield>
    <subfield code="a">MAIN</subfield>
    <subfield code="b">MAIN</subfield>
    <subfield code="c">0TH</subfield>
    <subfield code="d">2008-02-03</subfield>
    <subfield code="e">Purchase</subfield>
    <subfield code="o">909 &#x62F; &#x64A; &#x648;</subfield>
    <subfield code="p">000009354</subfield>
    <subfield code="r">2025-07-15 00:00:00</subfield>
    <subfield code="y">REFERENCE</subfield>
    <subfield code="z">&#x62C;. 39&#x60C; &#x62C;. 40.</subfield>
  </datafield>
  <datafield tag="952" ind1=" " ind2=" ">
    <subfield code="0">0</subfield>
    <subfield code="1">0</subfield>
    <subfield code="2">ddc</subfield>
    <subfield code="4">0</subfield>
    <subfield code="7">0</subfield>
    <subfield code="8">Alef-Baa</subfield>
    <subfield code="a">MAIN</subfield>
    <subfield code="b">MAIN</subfield>
    <subfield code="c">0TH</subfield>
    <subfield code="d">2008-02-03</subfield>
    <subfield code="e">Purchase</subfield>
    <subfield code="o">909 &#x62F; &#x64A; &#x648;</subfield>
    <subfield code="p">000009355</subfield>
    <subfield code="r">2025-07-15 00:00:00</subfield>
    <subfield code="y">REFERENCE</subfield>
    <subfield code="z">&#x62C;. 31&#x60C; &#x62C;. 32.</subfield>
  </datafield>
  <datafield tag="952" ind1=" " ind2=" ">
    <subfield code="0">0</subfield>
    <subfield code="1">0</subfield>
    <subfield code="2">ddc</subfield>
    <subfield code="4">0</subfield>
    <subfield code="7">0</subfield>
    <subfield code="8">Alef-Baa</subfield>
    <subfield code="a">MAIN</subfield>
    <subfield code="b">MAIN</subfield>
    <subfield code="c">0TH</subfield>
    <subfield code="d">2008-02-03</subfield>
    <subfield code="e">Purchase</subfield>
    <subfield code="o">909 &#x62F; &#x64A; &#x648;</subfield>
    <subfield code="p">000009356</subfield>
    <subfield code="r">2025-07-15 00:00:00</subfield>
    <subfield code="y">REFERENCE</subfield>
    <subfield code="z">&#x62C;. 35&#x60C; &#x62C;. 36.</subfield>
  </datafield>
  <datafield tag="952" ind1=" " ind2=" ">
    <subfield code="0">0</subfield>
    <subfield code="1">0</subfield>
    <subfield code="2">ddc</subfield>
    <subfield code="4">0</subfield>
    <subfield code="7">0</subfield>
    <subfield code="8">Alef-Baa</subfield>
    <subfield code="a">MAIN</subfield>
    <subfield code="b">MAIN</subfield>
    <subfield code="c">0TH</subfield>
    <subfield code="d">2008-02-03</subfield>
    <subfield code="e">Purchase</subfield>
    <subfield code="o">909 &#x62F; &#x64A; &#x648;</subfield>
    <subfield code="p">000009357</subfield>
    <subfield code="r">2025-07-15 00:00:00</subfield>
    <subfield code="y">REFERENCE</subfield>
    <subfield code="z">&#x62C;. 21&#x60C; &#x62C;. 22.</subfield>
  </datafield>
</record>
